000 00353nam a22001217a 4500
020 _a0195681460
082 _222
_a005.120
100 _aBehforooz, Ali and Hudson, Frederick J.
245 _aSoftware engineering fundamentals /
260 _aNew Delhi,
_bOxford University Press,
_cc2008.
300 _axxvi, 661 p. ;
_bill. ;
_c23 cm.
942 _2ddc
_cIT
_02
999 _c2196
_d2196